000 00945nam a2200325Ia 4500
001 35696
003 IT-RoPAU
008 130308s9999 xx 000 0 und d
040 _aIT-RoPAU
040 _cIT-RoPAU
041 _aITALIANO
100 _aTurroni Giuseppe
100 _gCodice Aut. SPICS: 294
245 _aDivi degli anni venti (I)-James Abbe
245 _bDivi degli Anni venti (I)-James Abbe
250 _a1a ed.
260 _aMILANO
260 _bEditphoto
260 _c1977 [1° Ed.:1977 - Ed.Ling.Originale:1977]
300 _a"24 p. (prefazione: no ; testo: 24)"
500 _aFotografie di James Abbe presentazione del fotografo e della Sua fotografia da parte di Giuseppe Turroni Ritratti
650 _aAUTORI/OPERE DI FOTOGRAFIA
650 _eCodice materia Spics: 6757
700 _aAbbe James
700 _gCodice Aut. SPICS: 16984
942 _cBK
957 _71
999 _c70524
_d70524
999 _bSI
999 _g1